| 000 | 00971nam0a22002531 4500 | ||
|---|---|---|---|
| 001 | rc\2671922 | ||
| 005 | 20250623151756.0 | ||
| 035 | _a(NLR Aleph) 006800462 | ||
| 090 |
_a6238185 _c6238185 |
||
| 100 | _a20110915d1932 |||y0rusy50 ca | ||
| 101 | 0 | _arus | |
| 102 | _aRU | ||
| 105 | _ay z ||||| | ||
| 200 | 1 |
_aОрганизация отгрузок кожевенного сырья и снабжения им промышленности _fВ. Шелютто |
|
| 210 |
_aМосква _aЛенинград _cГизлегпром _d1932 _e[Москва] _g8 тип. "Мосполиграф" |
||
| 215 |
_aОбл., 17, [3] с. _d17х12 см. |
||
| 225 | 1 |
_aБиблиотека кожсырьевщика _fМоск. кожсырьевой техникум |
|
| 700 | 1 |
_aШелютто _bВ.Н. _gВладимир Николаевич |
|
| 801 | 0 |
_aRU _bNLR _gpsbo |
|
| 801 | 1 |
_aRU _bELAR _2rusmarc |
|
| 852 |
_aNLR _j32-8/9626 |
||
| 942 | _cBOOK | ||
| 980 | _aNB | ||